000 00569nam a2200217Ia 4500
003 OSt
005 20220928145712.0
006 a|||||r|||| 00| 0
007 ta
008 220927b |||||||| |||| 00| 0 eng d
024 _a82148
037 _cTextual
040 _aSDCL
_cSDCL
_beng
041 _2eng
_aeng
082 _aX64, N6
100 _aDowd Kevin
_9463303
245 0 _aCompetition and finance
_bA reinterpretation of financial and monetay economics.
260 _c1996
942 _hX64, N6
_cTEXL
_2CC
999 _c834923
_d834923